Alle Länder des Niederländischen Kolonialreichs (mit Karte) - Statistiken

Allgemein
  • Dieses Quiz wurde 19 mal gespielt
  • Das Durchschnittsergebnis liegt bei 11 aus 15
Antworten auf der Karte
Die Antworten werden auf der Karte rot bzw. grün angezeigt, abhängig davon wie oft sie richtig erraten wurden.
 
Antwortstatistiken
Land % Korrekt
Niederlande
94%
Belgien
89%
Brasilien
89%
Indonesien
89%
Südafrika
89%
Taiwan
83%
Guyana
78%
Surinam
78%
Vereinigte Staaten
78%
Indien
72%
Frankreich
61%
Luxemburg
61%
Sri Lanka
61%
Elfenbeinküste
50%
Ghana
50%
Keine übereinstimmenden Quizze gefunden
Verteilung der Resultate
Anzahl Personen mit jedem Resultat
Perzentil nach korrekt beantworteten Fragen
Ihre Resultats-Entwicklung
Sie haben dieses Quiz noch nicht gespielt